| 000 | 00573nam a2200217Ia 4500 | ||
|---|---|---|---|
| 999 |
_c2968 _d2968 |
||
| 001 | 5806492 | ||
| 003 | OSt | ||
| 005 | 20181019164514.0 | ||
| 008 | 791218s1977 miu 000 0 eng d | ||
| 020 |
_a0892830425 : _c$2.95 |
||
| 020 | _a8187858346 | ||
| 040 | _cDLC | ||
| 082 |
_a234.2 _bP954F |
||
| 090 |
_aBT771.2 _b.P750 |
||
| 100 | 1 | _aPrince, Derek. | |
| 245 | 1 | 0 |
_aFaith to live by / _cDerek Prince |
| 260 |
_aAnn Arbor, Mich. : _bServant Books ; _aFt. Lauderdale, Fla. : _bCGM Publishing, _cc1977 |
||
| 300 |
_a156 p. ; _c21 cm |
||
| 650 | 0 | _aFaith. | |
| 942 |
_2ddc _cBK |
||